000 00676nam a2200229Ia 4500
003 GCL
008 140319s9999 xx 000 0 ara d
040 _aGCL /
_cGCL
082 0 4 _a658.409
_bم ا
100 1 _aمنصور فهمى
245 1 0 _aمقدمة العلوم السلوكية /
_cمنصور فهمى
260 _a[S.N] :
_bلا يوجد
300 _a438 ص
490 _a
650 0 4 _aالعلاقات الانسانية
650 0 4 _aادارة الافراد
650 0 4 _aالقيادة الادارية
650 0 4 _aالسلوك الادارى
650 0 4 _aالادارة العليا
650 0 4 _aادارة الادارة
942 _2ddc
_cBK
999 _c36860
_d36860